000 00236nam a22000857a 4500
008 161110b xxu||||| |||| 00| 0 eng d
100 _aSingh k. v
_91108
245 _aThe Colorful world of flags
260 _aNew Delhi
_bNational Book Trust
_c2007
999 _c3770
_d3770